Normal view
MARC view
Entry Topical Term
001 - CONTROL NUMBER
- control field: 15372
003 - CONTROL NUMBER IDENTIFIER
- control field: OSt
005 - DATE AND TIME OF LATEST TRANSACTION
- control field: 20250321045337.0
008 - FIXED-LENGTH DATA ELEMENTS
- fixed length control field: 250321|| aca||aabn | a|a d
040 ## - CATALOGING SOURCE
- Original cataloging agency: OSt
- Transcribing agency: OSt
150 ## - HEADING--TOPICAL TERM
- Topical term or geographic name entry element: Diploma Technology -- Electronics Technology
670 ## - SOURCE DATA FOUND
- Source citation: Work cat.: (OSt)3918: Cabaruan, Kenneth M., author. 14739, The employability of the Graduates of the Diploma Technology (DT) Major in Automotive Technology and Electronics Technology of the Cavite State University - Rosario Campus (CvSU-R) S.Y. 2002-2003 TO S.Y. 2006-2007, 2010
